00646cam a2200193 a 450000100100000000500170001000800410002702000150006804000230008308200190010610000340012524500880015924600230024726000410027030000280031150400280033965100530036765000320042000000570120200929151742.0960322s1996 nyua b 001 0deng  a0684810301 aDO-SdBNPcDLCdDLC a320.973bM438k1 aMatthews, Christopher,d1945-10aKennedy & Nixon :bthe rivalry that shaped postwar America /cChristopher Matthews.3 aKennedy and Nixon. aNew York :bSimon & Schuster,c1996. a377 p. :bil. ;c25 cm. aIncluye bibliografía. 4aEstados UnidosxPolìtica Y Gobiernoy1961-1963 4aPresidenteszEstados Unidos